[Event "28th Hoogeveen op"]
[Site "Hoogeveen NED"]
[Date "2025.10.22"]
[Round "5.27"]
[White "De Jong, Lode"]
[Black "Albin, Sajan"]
[Result "1/2-1/2"]
[WhiteElo "1986"]
[BlackElo "2101"]
[EventDate "2025.10.18"]
[PlyCount "183"]

1.d4 d5 2.c4 e6 3.Nf3 Nf6 4.g3 Be7 5.Bg2 O-O 6.O-O c6 7.Qc2 Nbd7 8.Nbd2 b6
9.e4 dxc4 10.Qxc4 Bb7 11.Rd1 c5 12.e5 Nd5 13.Ne4 cxd4 14.Qxd4 Nc5 15.Bd2 
Nc7 16.Nxc5 Bxf3 17.Qxd8 Raxd8 18.Bxf3 Bxc5 19.Bg5 Rd4 20.Be3 Rxd1+ 21.
Rxd1 Bxe3 22.fxe3 f6 23.exf6 Rxf6 24.Kf2 Kf8 25.Rd8+ Ke7 26.Rb8 Rf5 27.Rb7
Kd6 28.Rxa7 Rb5 29.b3 Ra5 30.Rxa5 bxa5 31.Be4 h6 32.Bd3 Nd5 33.a3 e5 34.
Bc4 Nf6 35.Ke2 Kc5 36.Kd3 g5 37.Be6 Kd6 38.Bf5 Kc5 39.Be6 Kd6 40.Bf5 Kc5 
41.e4 Ne8 42.Kc3 Nd6 43.b4+ axb4+ 44.axb4+ Kb6 45.Bh7 Kb5 46.Bg6 Kb6 47.
Bf5 Kc6 48.Kb3 Kb6 49.Bg6 Kb5 50.Bf5 Kb6 51.Ka4 Ka6 52.b5+ Nxb5 53.Kb4 Kb6
54.Kc4 Nc7 55.Bd7 Na8 56.Kd5 Kc7 57.Be6 Kd8 58.Kxe5 Ke7 59.Kf5 Nb6 60.Bd5 
Nc8 61.Kg6 Nb6 62.Bb3 Nd7 63.Kf5 Nb8 64.e5 Nc6 65.Bd5 Nd4+ 66.Kg6 g4 67.
Kxh6 Nf3 68.h4 Nxe5 69.Kg5 Kf8 70.Kf5 Nd7 71.Bc6 Nb6 72.Kxg4 Nc4 73.Kf4 
Kg7 74.Bd5 Nd6 75.g4 Ne8 76.g5 Nf6 77.Bf3 Nh7 78.Be4 Nf6 79.Kf5 Ng8 80.Bd5
Ne7+ 81.Ke4 Kg6 82.Ke5 Kh5 83.Be6 Kxh4 84.Kf6 Kh5 85.Bc4 Kh4 86.Bb3 Kh5 
87.Bd1+ Kh4 88.Be2 Ng8+ 89.Kg6 Ne7+ 90.Kh6 Ng8+ 91.Kg7 Kxg5 92.Kxg8 
1/2-1/2

[Event "28th Hoogeveen op"]
[Site "Hoogeveen NED"]
[Date "2025.10.22"]
[Round "5.28"]
[White "Van de Pavoordt, Max"]
[Black "Bakels, Anton"]
[Result "1-0"]
[WhiteElo "2098"]
[BlackElo "1981"]
[EventDate "2025.10.18"]
[PlyCount "73"]

1.c4 Nf6 2.g3 g6 3.Bg2 Bg7 4.Nc3 O-O 5.e4 d6 6.Nge2 c5 7.O-O Nc6 8.d3 Rb8 
9.h3 Ne8 10.f4 Nc7 11.Be3 b5 12.Rb1 b4 13.Nd5 e6 14.Nxc7 Qxc7 15.b3 Bd7 
16.d4 Qb6 17.dxc5 dxc5 18.e5 Rbd8 19.Rc1 f6 20.Qd6 Rfe8 21.Qxc5 Qa6 22.
Rcd1 Bf8 23.Qb5 Qc8 24.Rxd7 Qxd7 25.Qxc6 Qd3 26.Kf2 fxe5 27.Be4 Qd6 28.
Qxd6 Bxd6 29.c5 Bc7 30.Rc1 Rf8 31.Kg2 a5 32.c6 a4 33.fxe5 axb3 34.axb3 
Bxe5 35.c7 Rc8 36.Bb6 Rf7 37.Bb7 1-0

[Event "28th Hoogeveen op"]
[Site "Hoogeveen NED"]
[Date "2025.10.22"]
[Round "5.29"]
[White "Duchene, Rene"]
[Black "Xu, Alex"]
[Result "1/2-1/2"]
[WhiteElo "2055"]
[BlackElo "2027"]
[EventDate "2025.10.18"]
[PlyCount "102"]

1.g3 d5 2.Nf3 c5 3.Bg2 Nc6 4.d4 Nf6 5.O-O e6 6.c4 dxc4 7.Ne5 Bd7 8.Na3 Be7
9.Nxd7 Qxd7 10.dxc5 Qxd1 11.Rxd1 Bxc5 12.Nxc4 Ke7 13.Bxc6 bxc6 14.Bg5 h6 
15.Bxf6+ Kxf6 16.Rac1 Rhd8 17.Na5 Rxd1+ 18.Rxd1 Bb6 19.Nxc6 Rc8 20.Rc1 Rc7
21.Rc2 a5 22.Nd4 Rd7 23.Nb5 Rd1+ 24.Kg2 Ra1 25.a3 Bd8 26.f4 Bb6 27.e4 g5 
28.Kh3 Be3 29.Kg4 Rf1 30.fxg5+ hxg5 31.Re2 Bc1 32.e5+ Kg6 33.Nd6 a4 34.Nc4
Rd1 35.Rc2 Re1 36.h3 Be3 37.Kf3 Bd4 38.Re2 Rxe2 39.Kxe2 Kf5 40.Kf3 Bxe5 
41.Ne3+ Kg6 42.Nc4 Bc7 43.g4 f5 44.Ne3 Bb6 45.Nc4 Bd4 46.Ke2 Kf7 47.Kd3 
Bc5 48.Ne5+ Ke7 49.Kc4 Bd6 50.Nf3 Kf6 51.Kb5 Be5 1/2-1/2

[Event "28th Hoogeveen op"]
[Site "Hoogeveen NED"]
[Date "2025.10.22"]
[Round "5.30"]
[White "Struik, Marcel"]
[Black "Gerrits, Augustin"]
[Result "1/2-1/2"]
[WhiteElo "1945"]
[BlackElo "2074"]
[EventDate "2025.10.18"]
[PlyCount "140"]

1.e4 e5 2.Nc3 Nf6 3.f4 d5 4.fxe5 Nxe4 5.d3 Nxc3 6.bxc3 d4 7.Nf3 c5 8.Be2 
Nc6 9.O-O Be7 10.Qe1 Be6 11.Qg3 Qc7 12.c4 O-O-O 13.Bd2 Rdg8 14.Rf2 g5 15.
Raf1 Qd8 16.Ne1 h5 17.Rxf7 h4 18.Qf3 Nxe5 19.Qe4 Bxf7 20.Qxe5 Be8 21.Rf7 
Bd6 22.Qe6+ Kb8 23.Rf6 Bc7 24.Bg4 Bc6 25.Nf3 Bxf3 26.Bxf3 Re8 27.Qf5 Re5 
28.Qg6 Rg8 29.Qh6 g4 30.Be4 h3 31.Bf4 Re7 32.g3 Bxf4 33.Qxf4+ Ka8 34.a4 
Rge8 35.a5 Qxa5 36.Qxg4 Qe1+ 37.Rf1 Qe3+ 38.Kh1 Rh8 39.Qf5 a6 40.Ra1 Kb8 
41.Rb1 Qh6 42.Qd5 Ka8 43.Qxc5 Rxe4 44.dxe4 Qf6 45.Qf5 Qxf5 46.exf5 Kb8 47.
g4 Rg8 48.Rg1 Kc7 49.g5 Kd6 50.Rg3 a5 51.g6 Ke5 52.Rxh3 Kxf5 53.Rh5+ Ke4 
54.Rg5 a4 55.h4 a3 56.Ra5 Rxg6 57.Rxa3 Rh6 58.Rh3 Rc6 59.h5 Rxc4 60.h6 
Rxc2 61.h7 Rc8 62.h8=Q Rxh8 63.Rxh8 d3 64.Kg2 d2 65.Rd8 Ke3 66.Kf1 b5 67.
Re8+ Kf3 68.Rd8 Ke3 69.Re8+ Kd3 70.Rd8+ Ke3 1/2-1/2

[Event "28th Hoogeveen op"]
[Site "Hoogeveen NED"]
[Date "2025.10.22"]
[Round "6.1"]
[White "Abdisalimov, Abdimalik"]
[Black "Chanda, Sandipan"]
[Result "1/2-1/2"]
[WhiteElo "2501"]
[BlackElo "2467"]
[EventDate "2025.10.18"]
[PlyCount "79"]

1.d4 e6 2.Nf3 f5 3.g3 Nf6 4.Bg2 d5 5.O-O Bd6 6.b3 O-O 7.c4 Ne4 8.Ba3 b6 9.
Qc2 Bb7 10.Bxd6 cxd6 11.cxd5 exd5 12.Nc3 Qc7 13.Rfc1 Rc8 14.Nxe4 Qxc2 15.
Rxc2 Rxc2 16.Nxd6 Bc6 17.Ne5 g6 18.b4 a6 19.Nc8 Kf8 20.Nxb6 Ra7 21.a4 Rb7 
22.a5 Rc7 23.Bf3 Bb5 24.Nxd5 Rc1+ 25.Kg2 R7c2 26.Ra3 Bxe2 27.Bxe2 Rxe2 28.
b5 Rcc2 29.Nd3 Ra2 30.Rc3 axb5 31.Rc8+ Re8 32.Rc7 Rd2 33.N3f4 g5 34.Nh5 
Ree2 35.Ndf6 Rxf2+ 36.Kg1 Rg2+ 37.Kf1 Rgf2+ 38.Kg1 Rg2+ 39.Kf1 Rgf2+ 40.
Kg1 1/2-1/2

[Event "28th Hoogeveen op"]
[Site "Hoogeveen NED"]
[Date "2025.10.22"]
[Round "6.3"]
[White "Miezis, Normunds"]
[Black "Korchynskyi, Mykola"]
[Result "1/2-1/2"]
[WhiteElo "2374"]
[BlackElo "2382"]
[EventDate "2025.10.18"]
[PlyCount "82"]

1.c4 e5 2.Nc3 Nc6 3.Nf3 g6 4.d4 exd4 5.Nxd4 Bg7 6.Nxc6 bxc6 7.Be3 Nf6 8.
Qd2 O-O 9.g3 Ba6 10.c5 Rb8 11.Bd4 Rb4 12.e3 Bxf1 13.Kxf1 Qe7 14.f3 d6 15.
cxd6 cxd6 16.Kg2 Rfb8 17.b3 g5 18.h3 h5 19.Rac1 h4 20.g4 a5 21.Rhd1 d5 22.
Ne2 Qe6 23.Qc2 a4 24.Qxc6 axb3 25.axb3 Rxb3 26.Qxe6 fxe6 27.Rc2 Ne8 28.Kf2
R3b7 29.Rc6 Kf7 30.Rdc1 e5 31.Bc3 Rd7 32.Rd1 Rbd8 33.Bd2 Bf6 34.Rb1 Rd6 
35.Rc5 R8d7 36.Ke1 Nc7 37.Nc3 Ne6 38.Ra5 Bd8 39.Rab5 Nc7 40.Rb7 Ke8 41.Ke2
Rc6 1/2-1/2

[Event "28th Hoogeveen op"]
[Site "Hoogeveen NED"]
[Date "2025.10.22"]
[Round "6.4"]
[White "Harikrishnan.A.Ra,"]
[Black "Edwardss, Dylan"]
[Result "1-0"]
[WhiteElo "2534"]
[BlackElo "2137"]
[EventDate "2025.10.18"]
[PlyCount "53"]

1.Nf3 d5 2.g3 Nf6 3.Bg2 h6 4.O-O Bf5 5.c4 c6 6.Qb3 Qb6 7.d3 e6 8.Be3 Qxb3 
9.axb3 Na6 10.Nd4 Kd7 11.Nxf5 exf5 12.cxd5 Nxd5 13.Bxd5 cxd5 14.Nc3 Ke6 
15.Nb5 Bd6 16.Ra5 Be5 17.Bd4 Rhc8 18.f4 Bf6 19.Rf3 Rc1+ 20.Kf2 Bd8 21.Ra4 
Nc5 22.Ra3 Bb6 23.b4 Na6 24.Re3+ Kd7 25.Bxb6 axb6 26.Re5 Rac8 27.Rxd5+ 1-0

[Event "28th Hoogeveen op"]
[Site "Hoogeveen NED"]
[Date "2025.10.22"]
[Round "6.5"]
[White "De Jong, Migchiel"]
[Black "Raja, Harshit"]
[Result "1/2-1/2"]
[WhiteElo "2258"]
[BlackElo "2476"]
[EventDate "2025.10.18"]
[PlyCount "78"]

1.Nf3 Nf6 2.c4 e6 3.g3 d5 4.d4 Bb4+ 5.Bd2 Be7 6.Bg2 O-O 7.O-O c6 8.Qc2 
Nbd7 9.Rd1 a5 10.Bf4 a4 11.Nc3 Qa5 12.c5 b6 13.Bc7 Bb7 14.Ne5 Nxe5 15.dxe5
Nd7 16.cxb6 c5 17.Rac1 Bd8 18.Ne4 Bxc7 19.bxc7 Qxc7 20.Ng5 g6 21.f4 Qb6 
22.Kh1 Ra5 23.h4 Rb5 24.Rd2 h6 25.Nf3 h5 26.Ng5 Kg7 27.Bf3 Rb4 28.Rcd1 Rh8
29.Kh2 Bc6 30.a3 Rb3 31.Rb1 Qb7 32.Rd3 Rb8 33.Rxb3 Qxb3 34.Qd2 Qb6 35.f5 
exf5 36.e6 fxe6 37.Nxe6+ Kf6 38.Nf4 d4 39.Nxh5+ Ke5 1/2-1/2

[Event "28th Hoogeveen op"]
[Site "Hoogeveen NED"]
[Date "2025.10.22"]
[Round "6.6"]
[White "Mostertman, Milan"]
[Black "Harshavardhan, G. B."]
[Result "0-1"]
[WhiteElo "2236"]
[BlackElo "2476"]
[EventDate "2025.10.18"]
[PlyCount "152"]

1.e4 c5 2.Nf3 d6 3.d4 cxd4 4.Nxd4 Nf6 5.Nc3 Nc6 6.Bg5 Bd7 7.Qd2 a6 8.O-O-O
e6 9.Kb1 Be7 10.f3 Qc7 11.h4 h6 12.Be3 h5 13.Bg5 Ne5 14.f4 Neg4 15.g3 b5 
16.Bg2 b4 17.Nce2 Nf2 18.Bxf6 gxf6 19.Qxb4 d5 20.Qe1 Nxd1 21.Qxd1 dxe4 22.
Bxe4 Rd8 23.Qe1 Kf8 24.Rf1 f5 25.Bd3 Bf6 26.Qb4+ Kg7 27.Nb3 Rb8 28.Qc4 
Qxc4 29.Bxc4 a5 30.Rd1 Bc6 31.Nbd4 Rhc8 32.b3 Be4 33.Kc1 a4 34.c3 Be7 35.
Bd3 axb3 36.axb3 Ra8 37.Bxe4 fxe4 38.Kb2 Ra6 39.b4 Rca8 40.Kb3 Ra2 41.Re1 
Rd2 42.Nc6 Bf6 43.b5 Raa2 44.Ned4 Rab2+ 45.Kc4 Rd3 46.Nb4 Rxg3 47.b6 Be7 
48.Rxe4 Bd6 49.Nb5 Bxb4 50.cxb4 Rc2+ 51.Kd4 Rc6 52.b7 Rb6 53.Nd6 Rxd6+ 54.
Kc5 Rd8 55.Kb6 Kf6 56.Re5 Rg4 57.Kc7 Rxf4 58.b5 Rfd4 59.Rc5 Ke7 60.b8=N 
R8d5 61.Rc1 Rd1 62.Nc6+ Kf6 63.Rxd1 Rxd1 64.b6 Rb1 65.b7 e5 66.b8=Q Rxb8 
67.Nxb8 e4 68.Kd6 e3 69.Nd7+ Kf5 70.Nc5 e2 71.Nd3 Ke4 72.Ne1 f5 73.Kc5 f4 
74.Kc4 f3 75.Kc3 f2 76.Kd2 f1=Q 0-1

[Event "28th Hoogeveen op"]
[Site "Hoogeveen NED"]
[Date "2025.10.22"]
[Round "6.7"]
[White "Yekeler, Kerem Sarp"]
[Black "Nigmatov, Ortik"]
[Result "0-1"]
[WhiteElo "2112"]
[BlackElo "2485"]
[EventDate "2025.10.18"]
[PlyCount "70"]

1.e4 c5 2.Nc3 Nc6 3.Bb5 Nd4 4.Nf3 a6 5.Be2 Nc6 6.b3 g6 7.Bb2 Bg7 8.Rb1 d6 
9.O-O e6 10.Re1 Nge7 11.Bf1 O-O 12.Ne2 e5 13.Ng3 f5 14.exf5 gxf5 15.Nh5 
Bh8 16.h3 Ng6 17.g3 d5 18.c4 d4 19.d3 e4 20.dxe4 fxe4 21.Rxe4 Bf5 22.Bd3 
Nb4 23.g4 Bxe4 24.Bxe4 Qe7 25.Ng3 Nf4 26.Kh2 Nxa2 27.Qd2 Nc3 28.Re1 Nxe4 
29.Rxe4 Qc7 30.Bc1 Ng6 31.Kg2 Qc6 32.Qh6 Rae8 33.Ng5 Nf4+ 34.Bxf4 Qxh6 35.
Rxe8 Rxe8 0-1

[Event "28th Hoogeveen op"]
[Site "Hoogeveen NED"]
[Date "2025.10.22"]
[Round "6.8"]
[White "Bakija, Alan"]
[Black "Maris, Ivo"]
[Result "0-1"]
[WhiteElo "2082"]
[BlackElo "2389"]
[EventDate "2025.10.18"]
[PlyCount "76"]

1.Nf3 g6 2.g3 Bg7 3.d4 c5 4.c4 cxd4 5.Nxd4 Nc6 6.Nxc6 bxc6 7.Bg2 Rb8 8.O-O
Rxb2 9.Bxb2 Bxb2 10.Nd2 Bxa1 11.Qxa1 Nf6 12.Ne4 O-O 13.Nxf6+ exf6 14.Qc3 
Qe7 15.Bf3 Qc5 16.h4 Kg7 17.h5 h6 18.Rd1 Re8 19.hxg6 fxg6 20.Rd3 h5 21.a3 
a5 22.Qb3 Re7 23.Qb8 Ba6 24.Qd8 Bxc4 25.Rxd7 Rxd7 26.Qxd7+ Kh6 27.Qxc6 
Qxc6 28.Bxc6 Bxe2 29.f4 Bg4 30.Kf2 g5 31.fxg5+ fxg5 32.Ke3 Kg6 33.Kd4 h4 
34.gxh4 gxh4 35.Bg2 Kg5 36.Ke3 Bd7 37.Kf2 Kf4 38.Bd5 Ke5 0-1

[Event "28th Hoogeveen op"]
[Site "Hoogeveen NED"]
[Date "2025.10.22"]
[Round "6.9"]
[White "Van Veelen, Thomas"]
[Black "Schuricht, Emil Frederick"]
[Result "1/2-1/2"]
[WhiteElo "2081"]
[BlackElo "2294"]
[EventDate "2025.10.18"]
[PlyCount "81"]

1.d4 Nf6 2.c4 e6 3.Nf3 d5 4.Nc3 Be7 5.Bg5 O-O 6.e3 h6 7.Bh4 Ne4 8.Bxe7 
Qxe7 9.Qc2 Nxc3 10.Qxc3 c6 11.Bd3 dxc4 12.Qxc4 b6 13.O-O Ba6 14.Qc3 Bxd3 
15.Qxd3 Nd7 16.Rac1 c5 17.Rfd1 Rfd8 18.Qb5 Rac8 19.h3 cxd4 20.Nxd4 Nc5 21.
Rf1 Qb7 22.b4 a6 23.Qe2 Na4 24.a3 b5 25.Qf3 Qxf3 26.gxf3 Rc4 27.Rxc4 bxc4 
28.Rc1 Nb6 29.Nc6 Rd6 30.Nb8 Rd3 31.a4 c3 32.a5 Nd5 33.Nxa6 Rd2 34.Kf1 Rb2
35.Ke1 f5 36.Nc5 Rxb4 37.a6 Rb2 38.Nxe6 Ra2 39.Nd4 g6 40.Nb5 Rxa6 41.Nxc3 
1/2-1/2

[Event "28th Hoogeveen op"]
[Site "Hoogeveen NED"]
[Date "2025.10.22"]
[Round "6.10"]
[White "Riechenberg, Sebastian"]
[Black "Soumya, Swaminathan"]
[Result "0-1"]
[WhiteElo "2073"]
[BlackElo "2238"]
[EventDate "2025.10.18"]
[PlyCount "32"]

1.Nf3 Nf6 2.b4 g6 3.Bb2 Bg7 4.g3 c5 5.bxc5 Qa5 6.Bg2 Na6 7.O-O Nxc5 8.c4 
d6 9.a4 Bd7 10.Bc3 Qa6 11.a5 Qxc4 12.d3 Qa6 13.Nd4 O-O 14.Nd2 Rac8 15.Nc4 
d5 16.Ne5 Nxd3 0-1

[Event "28th Hoogeveen op"]
[Site "Hoogeveen NED"]
[Date "2025.10.22"]
[Round "6.11"]
[White "Aamuktha, Guntaka"]
[Black "Van Batenburg, Mees"]
[Result "1/2-1/2"]
[WhiteElo "2069"]
[BlackElo "2231"]
[EventDate "2025.10.18"]
[PlyCount "80"]

1.e4 c5 2.Nf3 Nf6 3.e5 Nd5 4.Nc3 e6 5.g3 Nc6 6.Bg2 d6 7.exd6 Bxd6 8.O-O 
O-O 9.Re1 b6 10.Ne4 Be7 11.d4 cxd4 12.Nxd4 Nxd4 13.Qxd4 Bb7 14.a3 Qc8 15.
c4 Nf6 16.Nd6 Bxd6 17.Bxb7 Qxb7 18.Qxd6 Ne4 19.Qe5 Nc5 20.Qc3 Rfd8 21.b4 
Nd3 22.Bb2 Nxb2 23.Qxb2 Qf3 24.Qe2 Qxe2 25.Rxe2 Rd4 26.Rc2 Rc8 27.Rac1 Kf8
28.Kf1 Ke7 29.Ke2 e5 30.c5 Rc6 31.cxb6 Rxb6 32.Rc6 Rb7 33.Rc7+ Rd7 34.Rxb7
Rxb7 35.Rc5 Ke6 36.Ke3 Rd7 37.f3 Rd6 38.Ra5 a6 39.Rc5 f5 40.Rc7 Kf6 
1/2-1/2

[Event "28th Hoogeveen op"]
[Site "Hoogeveen NED"]
[Date "2025.10.22"]
[Round "6.12"]
[White "Dordevic, Tom"]
[Black "Makhynia, Kostiantyn"]
[Result "1/2-1/2"]
[WhiteElo "2224"]
[BlackElo "1935"]
[EventDate "2025.10.18"]
[PlyCount "172"]

1.d4 d5 2.c4 dxc4 3.e3 Nf6 4.Bxc4 e6 5.Nf3 c5 6.O-O Nc6 7.h3 a6 8.a4 Be7 
9.Nc3 O-O 10.Re1 Qc7 11.Qe2 Rd8 12.dxc5 Bxc5 13.Bd2 b6 14.Rac1 Bb7 15.Nb1 
Ne4 16.Bd3 Nxd2 17.Nbxd2 Ne5 18.Bb1 Nxf3+ 19.Nxf3 Qe7 20.Nd2 Qh4 21.Rc4 
Qe7 22.Ne4 Bd5 23.Rcc1 Bb4 24.Nc3 Bc6 25.Qg4 f5 26.Bxf5 exf5 27.Qc4+ Qf7 
28.Qxc6 Bc5 29.Qf3 Ra7 30.Red1 Re8 31.Nd5 a5 32.Nc3 Rae7 33.Qd5 Re6 34.Ne2
g6 35.Nf4 Re4 36.Qxf7+ Kxf7 37.Rd7+ R8e7 38.Rxe7+ Kxe7 39.b3 g5 40.Nd3 Kd6
41.Kf1 Kd5 42.Rd1 Kc6 43.Ke2 Re8 44.Kf3 Bd6 45.g4 fxg4+ 46.hxg4 h6 47.Rc1+
Kd5 48.Rc4 Bc5 49.Nc1 Rf8+ 50.Kg2 Ke6 51.Kf1 Kd5 52.Ke2 Re8 53.Na2 Ke5 54.
Nc3 Rd8 55.f4+ gxf4 56.exf4+ Ke6 57.Re4+ Kf6 58.Re5 Kf7 59.Ne4 Bg1 60.Rh5 
Rd4 61.Kf3 Rd3+ 62.Kg2 Be3 63.Rxh6 Rxb3 64.Nd6+ Kf8 65.Rh3 Rb2+ 66.Kf3 Bc5
67.Nf5 Rb3+ 68.Kg2 Rxh3 69.Kxh3 b5 70.Ng3 bxa4 71.Ne2 Bb4 72.Nc1 Bd2 73.
Na2 Bxf4 74.Kg2 Ke7 75.Kf3 Be5 76.Ke4 Kd6 77.g5 Bg7 78.Kd3 Kc5 79.g6 a3 
80.Kc2 Kc4 81.Kb1 Kd4 82.Nc1 Ke4 83.Ka2 Kf5 84.Kxa3 Kxg6 85.Nb3 Bc3 86.
Nxa5 Bxa5 1/2-1/2

[Event "28th Hoogeveen op"]
[Site "Hoogeveen NED"]
[Date "2025.10.22"]
[Round "6.13"]
[White "De Wit, Evan"]
[Black "Kukushkin, Ivan"]
[Result "1/2-1/2"]
[WhiteElo "2069"]
[BlackElo "2211"]
[EventDate "2025.10.18"]
[PlyCount "83"]

1.d4 d5 2.c4 e6 3.Nc3 Nf6 4.cxd5 exd5 5.Bf4 Bd6 6.Bxd6 Qxd6 7.e3 O-O 8.Bd3
c6 9.h3 Re8 10.Nf3 Nbd7 11.O-O Ne4 12.Qc2 Nxc3 13.Qxc3 Nf8 14.b4 Bd7 15.
Rab1 Rec8 16.Qc2 h6 17.Ne5 Rc7 18.Rfc1 a5 19.a3 axb4 20.axb4 Rac8 21.Qb2 
Be8 22.Rc2 f6 23.Nf3 Bg6 24.Bxg6 Nxg6 25.Rbc1 Ne7 26.Qc3 Ra8 27.Qc5 Qd8 
28.Nd2 Rcc8 29.Qc3 Ra4 30.Qb3 Rca8 31.b5 Ra3 32.Qb2 R3a5 33.bxc6 bxc6 34.
Rb1 Qd6 35.Rcc1 Ra2 36.Qc3 Qe6 37.Rb2 R2a4 38.Rcb1 Qd6 39.Nb3 Rc4 40.Qd2 
Rb8 41.Nc5 Rxb2 42.Qxb2 1/2-1/2

[Event "28th Hoogeveen op"]
[Site "Hoogeveen NED"]
[Date "2025.10.22"]
[Round "6.14"]
[White "Odenthal, Aidan"]
[Black "Weidenhoefer, Max"]
[Result "1/2-1/2"]
[WhiteElo "2045"]
[BlackElo "2205"]
[EventDate "2025.10.18"]
[PlyCount "96"]

1.d4 d5 2.Nf3 Nf6 3.c4 e6 4.Nc3 Be7 5.Bg5 h6 6.Bh4 Nbd7 7.e3 c6 8.Qc2 O-O 
9.a3 b6 10.cxd5 cxd5 11.Bd3 Bb7 12.O-O g5 13.Bg3 Nh5 14.Qe2 f5 15.Ne5 Nxg3
16.hxg3 Nxe5 17.dxe5 g4 18.f4 h5 19.Nb5 h4 20.Kf2 hxg3+ 21.Ke1 Kf7 22.Nd4 
Rh8 23.Rc1 Rc8 24.Kd2 a5 25.Rxc8 Bxc8 26.Qe1 Rh2 27.Rg1 Qh8 28.Kc1 Qh4 29.
Kb1 Bc5 30.Ka2 Bd7 31.Qc1 Qh6 32.Nb3 Qf8 33.Qe1 Ba4 34.Nd4 Rh8 35.Qxg3 Bd7
36.Qe1 Qh6 37.Rf1 Qh2 38.Qe2 Qg3 39.Bb5 Bc8 40.Ba6 Bd7 41.Bb5 Bc8 42.Ba6 
Qh4 43.Bxc8 Rxc8 44.Qb5 Rc7 45.Rc1 Re7 46.Qd3 Kg6 47.Nb3 Qg3 48.Nxc5 bxc5 
1/2-1/2

[Event "28th Hoogeveen op"]
[Site "Hoogeveen NED"]
[Date "2025.10.22"]
[Round "6.15"]
[White "Westerlaan, Sander"]
[Black "Ten Dam, Bram"]
[Result "1-0"]
[WhiteElo "2034"]
[BlackElo "2185"]
[EventDate "2025.10.18"]
[PlyCount "123"]

1.d4 Nf6 2.Nc3 d5 3.Bf4 c6 4.e3 Bf5 5.Bd3 Bxd3 6.cxd3 e6 7.Nf3 Nbd7 8.Ne5 
Be7 9.O-O O-O 10.a3 c5 11.dxc5 Nxc5 12.b4 Ncd7 13.h3 Nxe5 14.Bxe5 Nd7 15.
Bg3 Bf6 16.Rc1 Bxc3 17.Rxc3 Rc8 18.Qc2 d4 19.Rxc8 Qxc8 20.Rc1 Qd8 21.Qc7 
dxe3 22.fxe3 Nb6 23.Bd6 Re8 24.e4 h6 25.Rf1 Qxc7 26.Bxc7 Nd7 27.Rc1 Rc8 
28.Bf4 Rxc1+ 29.Bxc1 Ne5 30.d4 Nc4 31.Kf2 Kf8 32.Ke2 b5 33.Kd3 Nb6 34.d5 
exd5 35.exd5 Nxd5 36.Kd4 Nc7 37.Kc5 Ke7 38.Kc6 Ne6 39.Kxb5 Kd6 40.Be3 Nc7+
41.Ka5 Kc6 42.Bxa7 Nb5 43.Bc5 Nxa3 44.Bf8 h5 45.Bxg7 Kb7 46.Bd4 Nc4+ 47.
Kb5 Nd2 48.Kc5 f5 49.Be3 Ne4+ 50.Kd5 Ka6 51.Ke5 Kb5 52.Kxf5 Nd6+ 53.Ke6 
Ne4 54.Ke5 Nc3 55.Bd2 Na4 56.Kf5 Nb6 57.Kg5 Nc4 58.Be1 Ne3 59.Kxh5 Nxg2 
60.Bd2 Kc4 61.Kg4 Kd3 62.Kg3 1-0

[Event "28th Hoogeveen op"]
[Site "Hoogeveen NED"]
[Date "2025.10.22"]
[Round "6.16"]
[White "Li, Hewei"]
[Black "Grooten, Tommy"]
[Result "1/2-1/2"]
[WhiteElo "2022"]
[BlackElo "2160"]
[EventDate "2025.10.18"]
[PlyCount "36"]

1.Nf3 Nf6 2.g3 g6 3.b3 Bg7 4.Bb2 O-O 5.Bg2 d5 6.O-O c5 7.c4 d4 8.b4 Nfd7 
9.d3 e5 10.bxc5 Re8 11.Nbd2 f5 12.Nb3 Nc6 13.Nfd2 a5 14.a4 Qc7 15.Nb1 Nb4 
16.Na3 Nxc5 17.Nb5 Qe7 18.Bc1 Nxb3 1/2-1/2

[Event "28th Hoogeveen op"]
[Site "Hoogeveen NED"]
[Date "2025.10.22"]
[Round "6.17"]
[White "Baarspul, Bram"]
[Black "De Boer, Eelke"]
[Result "0-1"]
[WhiteElo "1894"]
[BlackElo "2456"]
[EventDate "2025.10.18"]
[PlyCount "62"]

1.e4 e5 2.Nf3 Nc6 3.Bb5 a6 4.Ba4 Nf6 5.d4 exd4 6.O-O Be7 7.e5 Ne4 8.Nxd4 
Nxd4 9.Qxd4 Nc5 10.Nc3 O-O 11.Nd5 Nxa4 12.Qxa4 Re8 13.Bd2 Bf8 14.Rfe1 b6 
15.Rad1 Bb7 16.Bf4 Bc6 17.Qb3 Qc8 18.Re3 Re6 19.Qd3 Qb7 20.Nf6+ gxf6 21.
Rg3+ Kh8 22.exf6 Rae8 23.Be3 Rd6 24.Qe2 Rxd1+ 25.Qxd1 Be4 26.Qg4 Bg6 27.
Qxd7 Qe4 28.Rxg6 hxg6 29.Qxf7 Rd8 30.h3 Rd1+ 31.Kh2 Bd6+ 0-1

[Event "28th Hoogeveen op"]
[Site "Hoogeveen NED"]
[Date "2025.10.22"]
[Round "6.18"]
[White "Bosboom, Manuel"]
[Black "Boeren, Jurriaan"]
[Result "1-0"]
[WhiteElo "2355"]
[BlackElo "2112"]
[EventDate "2025.10.18"]
[PlyCount "55"]

1.e4 e5 2.Bc4 Nf6 3.d3 c6 4.Nf3 Be7 5.O-O d6 6.Nbd2 O-O 7.Re1 a5 8.a4 Nbd7
9.c3 d5 10.exd5 cxd5 11.Bb5 Bd6 12.Nf1 Qc7 13.Ng3 Nc5 14.Bg5 e4 15.Nd4 Bg4
16.Qd2 Nh5 17.dxe4 Nxg3 18.hxg3 dxe4 19.b4 axb4 20.cxb4 Na6 21.Bxa6 bxa6 
22.Rxe4 Bd7 23.Nf3 Bf5 24.Rd4 Be7 25.Rc1 Qb7 26.Qf4 Be6 27.Rc7 Bxg5 28.
Nxg5 1-0

[Event "28th Hoogeveen op"]
[Site "Hoogeveen NED"]
[Date "2025.10.22"]
[Round "6.19"]
[White "Labruyere, Roger"]
[Black "Stefan, Iulia-Cristiana"]
[Result "1-0"]
[WhiteElo "2205"]
[BlackElo "1997"]
[EventDate "2025.10.18"]
[PlyCount "123"]

1.e4 e5 2.Nf3 Nc6 3.Bb5 a6 4.Ba4 d6 5.O-O Bd7 6.c3 g6 7.d4 Bg7 8.h3 Nf6 9.
Re1 b5 10.Bc2 O-O 11.Nbd2 Re8 12.a4 Qc8 13.Nf1 Na5 14.axb5 axb5 15.b3 exd4
16.cxd4 c5 17.dxc5 Nh5 18.e5 dxe5 19.b4 e4 20.Rxa5 Rxa5 21.bxa5 exf3 22.
Rxe8+ Bxe8 23.Qxf3 Qxc5 24.a6 Bd4 25.Be3 Qxc2 26.Bxd4 Bc6 27.Qe3 Qe4 28.
Qxe4 Bxe4 29.Nd2 Bd5 30.Be5 f6 31.Bd6 Ng7 32.f3 f5 33.Nb1 Ne8 34.Be5 b4 
35.Kf2 Kf7 36.Ke3 Ke6 37.Kd4 Nd6 38.Bxd6 Kxd6 39.a7 Ba8 40.Kc4 Kc6 41.Kxb4
Kb6 42.Nd2 Kxa7 43.Kc5 Kb7 44.Kd6 Kb6 45.Ke5 Kc5 46.h4 Bd5 47.Nf1 Bc4 48.
Ne3 Bb3 49.h5 Bf7 50.h6 Bb3 51.g4 fxg4 52.Nxg4 g5 53.Kf6 Kd6 54.Nf2 Bc2 
55.Nh3 Kd5 56.Nxg5 Kd4 57.f4 Ke3 58.f5 Kf4 59.Nxh7 Bxf5 60.Nf8 Kg4 61.Ng6 
Kh5 62.h7 1-0

[Event "28th Hoogeveen op"]
[Site "Hoogeveen NED"]
[Date "2025.10.22"]
[Round "6.20"]
[White "Kamphuis, Jasper"]
[Black "Winter, Sven"]
[Result "1-0"]
[WhiteElo "2104"]
[BlackElo "2119"]
[EventDate "2025.10.18"]
[PlyCount "87"]

1.e4 c6 2.d4 d5 3.e5 c5 4.dxc5 e6 5.Be3 Nd7 6.b4 a5 7.c3 axb4 8.cxb4 b6 9.
c6 Bxb4+ 10.Nd2 Nxe5 11.Bb5 Qc7 12.Nf3 Nxf3+ 13.Qxf3 Bxd2+ 14.Kxd2 Nf6 15.
Rhc1 Ba6 16.a4 Bxb5 17.axb5 O-O 18.Bd4 Ne4+ 19.Ke2 Qd6 20.Qb3 Rab8 21.Qe3 
f5 22.f4 Qe7 23.g3 Qf7 24.Kf1 Qh5 25.Kg1 Rbe8 26.Ra7 e5 27.Bxe5 Rxe5 28.
fxe5 f4 29.gxf4 g5 30.Kh1 gxf4 31.Qg1+ Ng3+ 32.Kg2 Qe2+ 33.Qf2 f3+ 34.Kg1 
Ne4 35.Qxe2 fxe2 36.Re1 Nc3 37.Ra3 d4 38.Rxc3 dxc3 39.Rxe2 Re8 40.Re3 Kf7 
41.Rxc3 Ke6 42.Rh3 Kd5 43.e6 Re7 44.Rd3+ 1-0

[Event "28th Hoogeveen op"]
[Site "Hoogeveen NED"]
[Date "2025.10.22"]
[Round "6.21"]
[White "Aravindhan, Achyuth"]
[Black "Moghe, Parth"]
[Result "1/2-1/2"]
[WhiteElo "2144"]
[BlackElo "2199"]
[EventDate "2025.10.18"]
[PlyCount "38"]

1.e4 c5 2.Nf3 e6 3.d4 cxd4 4.Nxd4 Nc6 5.Nc3 Nf6 6.Ndb5 Bb4 7.a3 Bxc3+ 8.
Nxc3 d5 9.exd5 exd5 10.Bd3 O-O 11.O-O h6 12.h3 Be6 13.Bf4 Qd7 14.Qd2 Bf5 
15.Rad1 Rad8 16.Rfe1 Rfe8 17.Bh2 a6 18.Bg3 d4 19.Rxe8+ Rxe8 1/2-1/2

[Event "28th Hoogeveen op"]
[Site "Hoogeveen NED"]
[Date "2025.10.22"]
[Round "6.22"]
[White "Kazarjan, Gachatur"]
[Black "Lind, Jacco"]
[Result "1/2-1/2"]
[WhiteElo "2192"]
[BlackElo "2045"]
[EventDate "2025.10.18"]
[PlyCount "36"]

1.e4 e5 2.Nf3 Nc6 3.Nc3 Nf6 4.d4 exd4 5.Nxd4 Nxe4 6.Nxe4 Qe7 7.f3 d5 8.
Nxc6 bxc6 9.Qe2 dxe4 10.Qxe4 Bf5 11.Qxe7+ Bxe7 12.Bc4 Bxc2 13.O-O O-O 14.
Be3 Bd6 15.Rac1 Bf5 16.Ba6 Rfe8 17.Bf2 Bd7 18.b3 Re5 1/2-1/2

[Event "28th Hoogeveen op"]
[Site "Hoogeveen NED"]
[Date "2025.10.22"]
[Round "6.23"]
[White "Grooten, Herman"]
[Black "Timmermans, Raymond"]
[Result "1-0"]
[WhiteElo "2183"]
[BlackElo "2013"]
[EventDate "2025.10.18"]
[PlyCount "51"]

1.d4 d5 2.c4 dxc4 3.Nf3 a6 4.a4 Nc6 5.e3 e5 6.Bxc4 e4 7.Nfd2 Qg5 8.Nxe4 
Qxg2 9.Ng3 Nf6 10.Bf1 Qd5 11.Nc3 Bb4 12.Be2 h5 13.Bd2 Qa5 14.Bf3 Bg4 15.
Bxc6+ bxc6 16.f3 Bh3 17.Nge4 Nd7 18.Rg1 f6 19.Rxg7 O-O-O 20.Qb3 c5 21.Nd5 
c6 22.Nd6+ Kb8 23.Nxb4 cxb4 24.Bxb4 Qd5 25.Qxd5 cxd5 26.Kf2 1-0

[Event "28th Hoogeveen op"]
[Site "Hoogeveen NED"]
[Date "2025.10.22"]
[Round "6.24"]
[White "Hoffman, Ron"]
[Black "Moskalets, Sofiia"]
[Result "0-1"]
[WhiteElo "2027"]
[BlackElo "2176"]
[EventDate "2025.10.18"]
[PlyCount "102"]

1.d4 Nf6 2.Bf4 g6 3.e3 Bg7 4.Nd2 O-O 5.Ngf3 d6 6.h3 Nbd7 7.Be2 Re8 8.Bh2 
e5 9.dxe5 dxe5 10.O-O e4 11.Nd4 Ne5 12.Nc4 Nxc4 13.Bxc4 a6 14.a4 Qe7 15.c3
c5 16.Ne2 Nd7 17.Qd6 Qxd6 18.Bxd6 Ne5 19.Ba2 Nd3 20.Rfb1 Be6 21.Bxe6 Rxe6 
22.Bg3 Rd8 23.b3 g5 24.Rd1 f5 25.a5 Rf8 26.Bc7 f4 27.Ra4 Rc8 28.Bb6 Nb2 
29.Rd5 Nxa4 30.bxa4 f3 31.Ng3 Bxc3 32.Rxg5+ Kf7 33.Rf5+ Ke8 34.Bxc5 Bxa5 
35.Nh5 Bc3 36.Nf4 Re5 37.Rf8+ Kd7 38.Rf7+ Kc6 39.Bd4 Bxd4 40.exd4 Ree8 41.
a5 Rf8 42.Rxf8 Rxf8 43.Ne6 Rg8 44.g4 Kd5 45.Nf4+ Kxd4 46.Kh2 e3 47.fxe3+ 
Kxe3 48.Nd5+ Ke2 49.Nf4+ Kf1 50.Kg3 f2 51.h4 Rf8 0-1